[Event "Torghatten GP-B"]
[Site "Bronnoysund"]
[Date "2004.03.14"]
[Round "4"]
[White "Heitmann, Egil"]
[Black "Aarstad, Olav"]
[Result "1/2-1/2"]
[WhiteElo "1202"]
[BlackElo "1252"]
[PlyCount "81"]
[EventDate "2004.03.13"]
[EventType "swiss"]
[EventRounds "5"]
[EventCountry "NOR"]
[SourceTitle "EXT 2006"]
[Source "ChessBase"]
[SourceDate "2005.11.24"]
[SourceVersion "1"]
[SourceVersionDate "2005.11.24"]
[SourceQuality "1"]

1. d4 c6 2. c4 d5 3. Nc3 Nf6 4. Nf3 e6 5. e3 Nbd7 6. Bd3 dxc4 7. Bxc4 Nb6 8. Bd3 Nbd5 9. Bd2 Bd6 10. Ne5 Nxc3 11. Bxc3 Bxe5 12. dxe5 Nd5 13. Qd2 b6 14. Rd1 0-0 15. 0-0 Bb7 16. Be4 Qh4 17. Bxd5 exd5 18. Qd4 Qg5 19. b4 c5 20. Qf4 Qxf4 21. exf4 c4 22. Rd2 b5 23. Re1 Rfe8 24. f5 Rad8 25. Re3 a6 26. h4 h5 27. e6 fxe6 28. Rxe6 Rxe6 29. fxe6 Re8 30. Re2 Bc8 31. e7 Kf7 32. f4 Rxe7 33. Rxe7+ Kxe7 34. Bxg7 Ke6 35. g4 Kf7 36. Bd4 Bxg4 37. Kg2 Ke6 38. Kf2 Kf5 39. Ke3 Bh3 40. Kf3 Bg4+ 41. Ke3 1/2-1/2

[Event "Torghatten GP-B"]
[Site "Bronnoysund"]
[Date "2004.03.14"]
[Round "5"]
[White "Nicolaisen, Odd"]
[Black "Heitmann, Egil"]
[Result "1-0"]
[WhiteElo "1435"]
[BlackElo "1202"]
[PlyCount "95"]
[EventDate "2004.03.13"]
[EventType "swiss"]
[EventRounds "5"]
[EventCountry "NOR"]
[SourceTitle "EXT 2006"]
[Source "ChessBase"]
[SourceDate "2005.11.24"]
[SourceVersion "1"]
[SourceVersionDate "2005.11.24"]
[SourceQuality "1"]

1. c4 c6 2. Nc3 d5 3. cxd5 cxd5 4. Nf3 Nc6 5. d4 Bf5 6. a3 Nf6 7. Bf4 g6 8. Rc1 a6 9. e3 Bg7 10. Be2 0-0 11. 0-0 h6 12. h3 Ne4 13. Nxe4 Bxe4 14. Bd3 g5 15. Bh2 Qd7 16. Bxe4 dxe4 17. Nd2 f5 18. Nc4 Qd8 19. Qb3 Qd5 20. Qxb7 Ra7 21. Nb6 Rxb7 22. Nxd5 Rc8 23. b4 e6 24. Nc3 Rd8 25. Na4 Ne7 26. Nc5 Rb5 27. Nxe6 Rc8 28. Rxc8+ Nxc8 29. Nxg7 Kxg7 30. Rc1 Nb6 31. Rc6 Kf7 32. Rxh6 a5 33. Bc7 Nc4 34. bxa5 Nxa5 35. Rb6 Rd5 36. Be5 Ke7 37. Bf6+ Kd7 38. Bxg5 Nc4 39. Ra6 Kc7 40. h4 Kb7 41. Rf6 Nd6 42. h5 Ne8 43. Rf8 Nc7 44. h6 Rd7 45. Rxf5 Ne6 46. Re5 Nxg5 47. Rxg5 Rh7 48. Rg7+ 1-0